|
|
|
|
| LEADER |
00000nam a2200000 a 4500 |
| 001 |
UCV1984 |
| 003 |
CL-VaPUC |
| 008 |
910730e19900000MX |||||||||||||||||spa|d |
| 082 |
0 |
4 |
|a 343.052
|b CAL
|2 21
|
| 100 |
0 |
|
|a Calvo Nicolau, Enrique
|e author
|9 296156
|
| 700 |
0 |
|
|a Vargas Aguilar, Enrique
|e author
|9 296157
|
| 245 |
1 |
0 |
|a Impuesto sobre la renta correlacionado 1990
|
| 250 |
|
|
|a 14a. ed
|
| 300 |
|
|
|a 200 p
|
| 942 |
|
|
|c BK
|
| 945 |
|
|
|d 19910730 00:00:00
|
| 260 |
|
|
|a Ciudad de México
|b Themis
|c 1990
|
| 650 |
|
0 |
|a Impuestos sobre la renta
|9 257008
|
| 650 |
|
0 |
|a Derecho y legislación
|9 255077
|
| 651 |
|
7 |
|a CHILE
|2 CL-VaPUC
|9 296158
|
| 583 |
|
|
|a last modification
|c 19910730 00:00:00
|k Rodrigo Vera
|
| 999 |
|
|
|c 209691
|d 209689
|
| 952 |
|
|
|0 0
|1 0
|4 0
|6 343_052000000000000_CAL_1990
|7 0
|8 A
|9 185298
|a BIBDER
|b BIBDER
|d 2019-11-14
|i 2528029
|o 343.052 CAL 1990
|p 2528029
|r 2023-01-25
|w 2019-11-14
|y BK
|k DER
|